000 05109cam a2200673 i 4500
001 23614153
003 BJBSDDR
005 20251204134003.0
006 a|||||r|||| 00| 0
007 ta
008 240320s2024 enkab r 001 0beng
010 _a 2024012325
020 _a9781804294925
020 _a1804294926
020 _z9781804294963
_q(US ebk)
035 _a23614153
040 _aDLC
_beng
_erda
_cDLC
_dDLC
041 1 _aeng
_hpor
042 _apcc
043 _as-bl---
050 1 4 _a103 F 2538.5
_bL955M 2024
082 0 0 _a981.06/5092
100 1 _aMorais, Fernando,
_d1946-
_915954
240 1 0 _aLula.
_lEnglish.
245 1 0 _aLula :
_ba biography /
_cFernando Morais ; translated by Brian Mier.
250 _aEnglish-language edition.
264 1 _aLondon ;
_aNew York :
_bVerso,
_c2024.
300 _aix, 308 pages :
_billustrations, maps ;
_c24 cm
336 _atext
_btxt
_2rdacontent
337 _aunmediated
_bn
_2rdamedia
338 _avolume
_bnc
_2rdacarrier
500 _aIncludes index.
500 _a"First published as Lula: Biografia, Volume 1."
505 0 _aList of Political Party and Public Agency AbbreviationsMap of ABC, São Paulo1. Sergio Moro orders Lula's arrest but he decides not to turn himself in to the Federal Police. "They'll have to come for me"2. While searching Lula's home, the Federal Police stick a bug under his couch to secretly record conversations with his wife 3. GloboNews network runs a fake story-"Lula Will Resist Arrest!"-and its ratings rise by 694 percent 4. Emidio learns that the Federal Police had not one but several spies filming everything that happened inside the union hall 5. Aft er standing up to the neighbors and the Federal Police, the people spend 581 days yelling greetings to Lula. He can't see them from his cell, but he can hear them 6. A hacker named Red opens to the gates of hell and the Supreme Court buries Moro and the Car Wash investigation. Lula steps out of prison as a presidential candidate 7. Jardim Lavinia, April 1980-With the police at the door to arrest him, Lula growls, "I'm sleeping, damn it! They can go fuck themselves!" 8. Navy intelligence intercepts communications from the Curia and reveals that Cardinal Arns asked the German Catholic Church to support the ABC Metalworkers' strike fund 9. After a cruel childhood in abject poverty, Lula receives the key to paradise: a diploma from SENAI technical school 10. Lula's fiancée gives an ultimatum: "You have to choose between the union and marriage. You can't have both" 11. "I know, doctor, my baby was born dead." "Be strong, Mr. Lula, because the news is worse: Your wife Lourdes died too" 12. During his first visit to a foreign country, Lula rushes home from Tokyo: his brother is being tortured in a DOI-CODI prison 13. After years denigrating the political class, Lula starts building the foundation for the Workers' Party 14. While Lula faces the police and the bosses in ABC, Brizola tries to resuscitate the PTB party and is blocked by Golbery 15. Lula brings together workers, politicians, intellectuals, and leftist activists to create the Workers' Party and is arrested two months later 16. In the middle of the night, a polite man in a tie interrogates Lula in a cubicle in DOPS, sent by a general codenamed "the chief" 17. Clobbered in the polls, Lula sinks into depression and decides to abandon politics. He travels to Cuba, listens to Fidel, and returns to Brazil to become the best-elected congressman in historyEpilogueAppendix: An X-ray of the Large Communications Companies' War against Lula and His PartyIndex
520 _a"First major biography of Brazilian president Luiz Inácio Lula da Silva"--
_cProvided by publisher.
546 _aTranslated from the Portuguese
600 0 0 _aLula,
_d1945-
600 1 4 _aLula,
_d1945-
_932253
610 2 0 _aPartido dos Trabalhadores (Brazil)
_xHistory.
610 2 4 _aPartido de los Trabajadores (Brasil)
_xHistoria
_932254
650 0 _aPresidents
_zBrazil
_vBiography.
650 4 _aPresidentes
_vBiografías
_zBrasil
_939898
650 0 _aPolitical corruption
_zBrazil.
650 4 _aCorrupción política
_zBrasil
_95367
650 0 _aMoney laundering
_zBrazil.
650 4 _aLavado de dinero
_zBrasil
_97295
651 0 _aBrazil
_xPolitics and government
_y2003-
651 4 _aBrasil
_xPolítica y gobierno
_y2003-
_93351
651 0 _aBrazil
_xPolitics and government
_y1985-2002.
651 4 _aBrasil
_xPolítica y gobierno
_y1985-2002
_93351
700 1 _aMier, Brian
_943687
_etranslator
765 0 8 _iTranslation of:
_aMorais, Fernando
_tLula
_dSão Paulo, Brazil : Companhia das Letras, 2021-
_z9786559212927
_w(DLC) 2021331992
776 0 8 _iOnline version:
_aMorais, Fernando
_tLula.
_bEnglish-language edition
_dLondon ; New York : Verso, 2024
_z9781804294963
_w(DLC) 2024012326
906 _a7
_bcbc
_corignew
_d1
_eecip
_f20
_gy-gencatlg
942 _2lcc
_cBK
946 _iLLH
999 _c124448
_d124448